Countries With the Most Bike Riders - Statistics

General Stats
  • This quiz has been taken 63 times
  • The average score is 11 of 15
Answer Stats
# Country % Correct
15 United States
98%
4 United Kingdom
89%
10 Germany
87%
5 France
85%
1 Netherlands
84%
3 Spain
82%
2 Belgium
78%
6 Italy
76%
9 Denmark
73%
13 Austria
71%
14 Switzerland
71%
12 Poland
67%
8 Australia
49%
11 Slovenia
24%
7 Colombia
16%
No matching quizzes found
Score Distribution
Percent of People with Each Score
Percentile by Number Answered
Your Score History
You have not taken this quiz